| 000 -LEADER |
| fixed length control field |
00459pab a2200169 454500 |
| 008 - FIXED-LENGTH DATA ELEMENTS--GENERAL INFORMATION |
| fixed length control field |
180718b2015 xxu||||| |||| 00| 0 eng d |
| 100 ## - MAIN ENTRY--PERSONAL NAME |
| Personal name |
Barua, Anamika |
| 245 ## - TITLE STATEMENT |
| Title |
Strong or weak sustainability: a case study of emerging Asia |
| 260 ## - PUBLICATION, DISTRIBUTION, ETC. |
| Date of publication, distribution, etc. |
2015 |
| 300 ## - PHYSICAL DESCRIPTION |
| Extent |
p.1-31. |
| 362 ## - DATES OF PUBLICATION AND/OR SEQUENTIAL DESIGNATION |
| Dates of publication and/or sequential designation |
Jun |
| 650 ## - SUBJECT ADDED ENTRY--TOPICAL TERM |
| Topical term or geographic name entry element |
Case studies |
| 650 ## - SUBJECT ADDED ENTRY--TOPICAL TERM |
| Topical term or geographic name entry element |
Sustainable development |
| 700 ## - ADDED ENTRY--PERSONAL NAME |
| Personal name |
Khataniar, Bandana |
| 773 ## - HOST ITEM ENTRY |
| Main entry heading |
Asia-Pacific Development Journal |
| 909 ## - |
| -- |
110025 |